• 首页
  • 本馆介绍
  • 公告通知
  • 最新文献
  • 馆藏检索
  • 电子资源
  • 读者导购
  • 参考咨询
  • 我的图书馆
  • 登录
  • 详细信息显示
  • 放入我的书架
  • 预约/预借图书
  • 作者相关作品
  • 分类相关作品
  • 丛书相关作品
  • 出版社相关作品

书目信息

  • 表格格式
  • 工作单格式
  • 卡片格式
题名:
数字电路解题技巧50法及题解300例
    
 
作者: 余佩琼 , 龙忠琪 , 贾立新 编著
分册:  
出版信息: 北京   科学出版社  2002
页数: 233页
开本: 26cm
丛书名:
单 册:
中图分类: TN79-44
科图分类:
主题词: 数字电路
电子资源:
ISBN: 7-03-009779-3
000 00695nam0 2200205 450
001 0735592734
005 20070906095312.73
010    @a7-03-009779-3@d¥20.00
100    @a20070906d km y0chiy0120 ea
101 0  @achi
200 1  @a数字电路解题技巧50法及题解300例@Ashu zi dian lu jie ti ji qiao 50 fa ji ti jie 300 li@f龙忠琪,贾立新,余佩琼等编著@Flong zhong qi,jia li xin,yu pei qiong deng bian zhu
210    @a北京@c科学出版社@d2002
215    @a233页@d26cm
606 0  @a数字电路
690    @aTN79-44@v3
701  0 @a余佩琼@Ayu pei qiong@4编著
701  0 @a龙忠琪@Along zhong qi@4编著
701  0 @a贾立新@Ajia li xin@4编著
801  0 @aCN@bPFT@c20070906
905    @a213230@dTN79-44@eP28@f1
    
    数字电路解题技巧50法及题解300例/龙忠琪,贾立新,余佩琼等编著.-北京:科学出版社,2002
    233页;26cm
    
    
    ISBN 7-03-009779-3:¥20.00
    
●
相关链接 在E读中查询图书 在五车中查询图书 在当当中查询图书 在豆瓣中查询图书


正题名:数字电路解题技巧50法及题解300例     索取号:TN79-44/P28         预约/预借

序号 登录号 条形码 馆藏地/架位号 状态 备注
1 7200856   272008560   密集书库-物理学院/ [索取号:TN79-44/P28] 在馆    
2 7200857   272008579   密集书库-物理学院/ [索取号:TN79-44/P28] 在馆    
3 7200858   272008588   密集书库-物理学院/ [索取号:TN79-44/P28] 在馆    
4 7201875   272018746   密集书库-物理学院/ [索取号:TN79-44/P28] 在馆    
5 7201876   272018755   密集书库-物理学院/ [索取号:TN79-44/P28] 在馆    
唐山师范学院图书馆 欢迎您!
大连网信软件有限公司© 版权所有